000 00848cam a2200265 a 4500
001 000010534
005 20200929162238.0
008 791220s1979 sp 000 0 spa d
020 _a8424935284 (v. 1)
040 _aDO-SdBNP
_bspa
_cLC
_dBNPHU
082 _a885.1
_bI85d
100 0 _aIsócrates.
_925553
240 1 0 _aWorks.
_lSpanish.
_f1979
245 1 0 _aDiscursos /
_cIsocrates ; introducción, traducción y notas Juan Manuel Guzmán Hermida.
260 _aMadrid :
_bGredos,
_c1979.
300 _av. ;
_c20 cm.
490 1 _aBiblioteca Clásica Gredos,
_v23
650 4 _aOratoria griega
_925554
650 4 _aDiscursos
_96584
650 4 _aLiteratura griega
_92386
700 1 _aGuzmán Hermida, Juan Manuel,
_etr.
_925555
830 0 _aBiblioteca Clásica Gredos,
_v23
_98642
910 _aCatalogación por copia / LC
049 _aBNGR
999 _c10292
_d10292